01383cam a2200373 4500999001700000001001400017005001700031008004100048020003100089040003200120041001300152044001100165072004800176080002500224080002300249100003200272240004300304245008800347264002700435300002300462336002600485337002900511338002900540500003300569500008300602655003400685655003900719655003400758655003200792700003300824958000700857958000700864952013800871 c23592d23592vtls01215065920240710090813.0221003s2022 xo e 010 f slo  a9788055184722q(viazané) aTTKJFbslocTTKJFdSNKerda1 asloheng axocSK 7a821.111(73)-3xAmerická próza2konspekt a821.111(73)-3122011 a(0:82-312.5)220111 aProbst, Jennifer4aut9394114aThe start of something goodlSlovensky10aZačiatok niečoho dobréhocJennifer Probstová ; preložila Jana Melcerová 1aBratislavabIkarc2022 a350 stránc21 cm atextbtxt2rdacontent abez médiabn2rdamedia azväzokbnc2rdacarrier aPreložené z angličtiny aObsahuje stručné biografické údaje o autorke na zadnej strane obálky 7aamerické romány2SNKPH92 7aľúbostné romány2SNKPH913 7aAmerican fiction2SNKPHeng93 7aLove novels2SNKPHeng916671 aMelcerová, Jana4trl91668 aLX aUP 00102udc40708Ka10000b10000d2024-07-10g4.90i21921l4m1oB10662pB10662q2026-06-18r2026-05-19s2026-05-19w2024-07-10yKLDO